| 000 | 01405nam a2200373Ia 4500 | ||
|---|---|---|---|
| 001 | ebr10120749 | ||
| 003 | CaPaEBR | ||
| 006 | m u | ||
| 007 | cr cn||||||||| | ||
| 008 | 040526s2003 enka sb 001 0 eng d | ||
| 010 | _z 2004272960 | ||
| 015 | _aGBA3-47194 | ||
| 016 | 7 |
_z1841500860 _2Uk |
|
| 020 | _z1841509728 | ||
| 020 | _z1841500860 | ||
| 040 |
_aCaPaEBR _cCaPaEBR |
||
| 035 | _a(OCoLC)68128660 | ||
| 050 | 1 | 4 |
_aZ246 _b.H64 2003eb |
| 082 | 0 | 4 |
_a686 _222 |
| 100 | 1 | _aHoneywill, Paul. | |
| 245 | 1 | 0 |
_aDigital magazine design _h[electronic resource] : _bwith case studies / _cPaul Honeywill, Daniel Carpenter. |
| 260 |
_aBristol, U.K. ; _aPortland, OR : _bintellect, _c2003. |
||
| 300 |
_a160 p. : _bill. |
||
| 504 | _aIncludes bibliographical references (p. 155-156) and index. | ||
| 533 |
_aElectronic reproduction. _bPalo Alto, Calif. : _cebrary, _d2009. _nAvailable via World Wide Web. _nAccess may be limited to ebrary affiliated libraries. |
||
| 650 | 0 | _aMagazine design. | |
| 650 | 0 |
_aMagazine design _vCase studies. |
|
| 650 | 0 |
_aGraphic design (Typography) _xData processing. |
|
| 650 | 0 |
_aLayout (Printing) _xData processing. |
|
| 655 | 7 |
_aElectronic books. _2local |
|
| 700 | 1 | _aCarpenter, Daniel. | |
| 710 | 2 | _aebrary, Inc. | |
| 856 | 4 | 0 |
_uhttp://site.ebrary.com/lib/rucke/Doc?id=10120749 _zAn electronic book accessible through the World Wide Web; click to view |
| 999 |
_c111656 _d111656 |
||